000 005430000a22001810004500
003 MACL
005 20160423165559.0
008 160423b xxu||||| |||| 00| 0 eng d
040 _aMACL
_cMACL
041 _aHindi
082 _a800 JAI
100 _aजैन कान्तिकुमार
_942169
245 _aबैकुंठपुर में बचपन
260 _aनई दिल्‍ली
_bसामयिक बुक्‍स
_c2011
350 _a360
650 _aलेख
_936737
942 _cHIN
_k800/JAI
_2ddc
999 _c48111
_d48111